| 000 | 00906nam a2200277 4500 | ||
|---|---|---|---|
| 001 | 0000020097 | ||
| 003 | CO-CtgCURN | ||
| 005 | 20250429224008.0 | ||
| 007 | ta | ||
| 008 | 160627s1972 000 0 eng d | ||
| 020 | _a950136707X | ||
| 040 |
_aCO-CtgCURN _bspa _ccoctgcurn |
||
| 082 | 0 |
_a371.9 _bC65c |
|
| 245 | 0 | 0 |
_aComo ayudar al niño con dificultades en el aprendizaje : _bla tarea de recuperacion en los grados 1 al 3 o en el primer nivel. |
| 260 |
_aBuenos Aires : _bKapelusz, _c1972. |
||
| 300 | _a62 p. | ||
| 336 | _2rdacontent | ||
| 337 |
_2rdamedia _asin mediacion _bn |
||
| 338 |
_2rdacarrier _avolumen _bnc |
||
| 490 | 1 |
_aColección Cuadernos pedagogicos ; _v18 |
|
| 650 | 1 | 4 | _aPsicología del aprendizaje. |
| 650 | 1 | 4 | _aTrastornos del aprendizaje. |
| 908 | _a160627 | ||
| 942 |
_cBK _h371.9 _iC65c _2ddc |
||
| 999 |
_c34680 _d34680 |
||